000 00589nam a2200253Ia 4500
005 20260306152722.0
008 008 260114s9999 xx 000 0 eng d
020 _a9789349939257
037 _aEBOOK
040 _aCRL
040 _beng
040 _cCRL
041 _2eng
041 _aeng
084 _qCRL
100 _aLatika Lahiri
_91124112
245 0 _aChinese Monks In India
260 _bMLBD
260 _c2020
856 _uhttps://www.asapglobe.com/searchtitles.aspx?query=9789349939257
942 _cEBOOK
999 _c1701213
_d1701213